000
00333nam a2200145Ia 4500
005
20251222143205.0
008
251222s9999||||xx |||||||||||||| ||spa||
020
_a
8485668030
082
_a
372.677/R73
100
_a
Rodari, Gianni
245
0
_a
Gramática de la FantasÃa
250
_a
1ra.ed.
264
_b
Avance
942
_c
LIB
999
_c
13208
_d
13208